LEADER 01145nam 2200373 450 001 990000483470203316 035 $a0048347 035 $aUSA010048347 035 $a(ALEPH)000048347USA01 035 $a0048347 100 $a20010530d1967----km-y0itay0103----ba 101 $aeng 102 $aGB 105 $a||||||||001yy 200 1 $aTeaching computers to recognize patterns$a.G. Arkadev and E.M. Braverman$gtraslated from the russian by W. Turski and J.D. Cowan 210 $aLondon$cAcademic Press$d1967 215 $aXI, 115 p.$cill.$d19 cm 410 $12001 676 $a001.5351 700 1$aARKADEV,$bA.G.$0545527 701 1$aBRAVERMAN,$bE.M.$0545528 702 1$aTURSKI,$bW. 702 1$aCOWAN,$bJ.D. 801 0$aIT$bsalbc$gISBD 912 $a990000483470203316 951 $a001.5351 ARK$b6653$c001.5351$d00105007 959 $aBK 969 $aSCI 979 $aPATTY$b90$c20010530$lUSA01$h1643 979 $c20020403$lUSA01$h1657 979 $aPATRY$b90$c20040406$lUSA01$h1633 996 $aG. Arkadev and E.M. Braverman$9888425 996 $aTeaching computers to recognize patterns$9888424 997 $aUNISA LEADER 00867nam0-22003011i-450- 001 990002554360403321 005 20070913094605.0 035 $a000255436 035 $aFED01000255436 035 $a(Aleph)000255436FED01 035 $a000255436 100 $a20030910d1959----km-y0itay50------ba 101 0 $afre 200 1 $aanalyse de variance et plans d'experience$fDaniel Dugué, Maurice Girault 210 $aParis$cDunod$d1959 215 $axii, 68 p.$d21 cm 610 0 $aStatistica 610 0 $aStatistica, Statistica$ateoria generale 676 $a519 700 1$aDugué,$bDaniel$0342391 701 1$aGirault,$bMaurice$041753 801 0$aIT$bUNINA$gRICA$2UNIMARC 901 $aBK 912 $a990002554360403321 952 $aMXXIII-A-41$b034273$fMAS 959 $aMAS 996 $aAnalyse de variance et plans d'expérience$935036 997 $aUNINA